US Cities with the Biggest Subreddits - Statistics

General Stats
  • This quiz has been taken 234 times
  • The average score is 13 of 15
Answer Stats
Subscribers City % Correct
185k New York
99%
154k Los Angeles
97%
151k Chicago
93%
85k Dallas
92%
122k Houston
92%
126k San Francisco
91%
165k Seattle
89%
125k Boston
87%
105k Philadelphia
84%
80k San Diego
81%
137k Austin
79%
132k Portland
79%
82k Washington
78%
110k Atlanta
75%
104k Denver
71%
No matching quizzes found
Score Distribution
Percent of People with Each Score
Percentile by Number Answered
Your Score History
You have not taken this quiz